000 01098nam a2200229Ia 4500
999 _c38010
_d38010
001 3995
003 GE_BSU
005 20190916114817.0
008 181216s1973||||ge |||||||||||||| ||geo||
040 _cGE_BSU
041 _ageo
080 _a347.6 ჯ–71
100 _aჯორბენაძე, სერგო
_94014
245 _aსაცხოვრებელი სახლი და მოქალაქეთა საბინაო უფლება-მოვალეობანი /
_cრედ. უ. ბახტაძე.
264 _a თბ. :
_bსაბჭ. საქართველო,
_c1973.
300 _a444 გვ.;
_b21 სმ.
653 _a მოქალაქეთა საბინაო უფლებები საქართველოში
653 _aსაქართველოს საბინაო კანონმდებლობა
653 _aსაქართველოს საბინაო ფონდი
700 _a ბახტაძე, უ.
_eრედაქტორი
_94015
942 _cBK
_2udc